| 000 | 00771nas a2200253 i 4500 | ||
|---|---|---|---|
| 001 | 724 | ||
| 003 | ES-MaACL | ||
| 005 | 20250812062549.0 | ||
| 007 | t| | ||
| 008 | 950801c1982 sp m| | 1 ||pa d | ||
| 080 | _a7 | ||
| 245 | 0 | 0 |
_aCorreo del arte _b: revista mensual de las artes plásticas / _cdir. Antonio Morales. |
| 260 |
_aMadrid : _bMovipress, _c1982- |
||
| 300 |
_a12 v. ; _c34 cm. |
||
| 310 | _aMensual | ||
| 362 | 0 | _aNº 1 (oct. 1982)- | |
| 500 | _aHasta 1984 (jun.-jul.) es suplemento de "Diart" | ||
| 500 | _aDescripción basada en : n. 48 (1987) | ||
| 650 | 1 | 7 |
_aArte _2embne _910068 |
| 700 | 1 |
_aMorales, Antonio, _edir. _982974 |
|
| 852 |
_aES-MaACL _jHEM-H-476 _xOlim: Hem-1762 |
||
| 866 | 0 | _o(1987)1988-99(2000 n155-157). | |
| 999 |
_c724 _d724 |
||